000 00884nam a22001935i 4500
001 164006
003 ES-MaACL
005 20230906212844.0
008 050817m18441845fr af | |||||||| ||fre d
040 _aCAM
_bspa
_cCAM
100 1 _aRoujoux, Prudence Guillaume
_cBaron de.
_9132096
245 1 0 _aHistoire d'Angleterre
_b: depuis les temps les plus reculés jusqu'a nos jours /
_cpar MM. de Roujoux et Alfred Mainguet.
250 _aNouv. éd.
_baugm. de plus d'un tiers et enrichie d'un grand nombre de gravures, de tableaux synoptiques, cartes geographiques, etc.
260 _aParis :
_bCharles Hingray, libraire-éditeur,
_c1844-1845.
300 _a2 v. (796 p., [21] h. de lám. ; 766 p., [20] h. de lám.) :
_bil. ;
_c27 cm.
651 4 _aGran Bretaña-
_xHistoria.
_98752
700 1 _aMainguet, Alfred.
_9129366
852 _aES-MaACL
_jG-4449-4450
_z-- Enc. pasta española
999 _c164006
_d164006